[Event "Campeonato España Sub 18"]
[Site "Salobreña"]
[Date "2017.08.02"]
[Round "5"]
[White "Perez Garcia, Alejandro"]
[Black "Serra Canals, Oriol"]
[Result "1-0"]
[Board "2"]
[WhiteClock "1:30"]
[WhiteTitle "IM"]
[WhiteElo "2358"]
[WhiteCountry "ESP"]
[WhiteFideId "32041543"]
[WhiteEloChange "4"]
[BlackClock "1:30"]
[BlackElo "2105"]
[BlackCountry "ESP"]
[BlackFideId "22276084"]
[BlackEloChange "-4"]

1. Nf3 {[%clk 1:30:00]} e6 {[%clk 1:30:00]} 2. g3 {[%clk 1:30:00]} Nf6 {[%clk
1:30:00]} 3. Bg2 {[%clk 1:30:00]} Be7 {[%clk 1:31:00]} 4. c4 {[%clk 1:29:00]} d5
{[%clk 1:31:00]} 5. O-O {[%clk 1:30:00]} O-O {[%clk 1:31:00]} 6. b3 {[%clk
1:29:00]} d4 {[%clk 1:29:00]} 7. e3 {[%clk 1:29:00]} c5 {[%clk 1:28:00]} 8. Bb2
{[%clk 1:28:00]} Nc6 {[%clk 1:28:00]} 9. exd4 {[%clk 1:28:00]} cxd4 {[%clk
1:28:00]} 10. Re1 {[%clk 1:29:00]} Ne8 {[%clk 1:27:00]} 11. d3 {[%clk 1:26:00]}
f6 {[%clk 1:27:00]} 12. Ba3 {[%clk 1:24:00]} Nb4 {[%clk 1:25:00]} 13. Bxb4 {[%clk
1:12:00]} Bxb4 {[%clk 1:26:00]} 14. Nbd2 {[%clk 1:11:00]} a5 {[%clk 1:25:00]} 15.
a3 {[%clk 1:09:00]} Be7 {[%clk 1:25:00]} 16. Qc2 {[%clk 1:08:00]} e5 {[%clk
1:25:00]} 17. c5 {[%clk 1:04:00]} Nc7 {[%clk 1:22:00]} 18. b4 {[%clk 1:03:00]}
Kh8 {[%clk 1:17:00]} 19. Nc4 {[%clk 0:58:00]} Nd5 {[%clk 1:14:00]} 20. Nxa5
{[%clk 0:52:00]} Rxa5 {[%clk 1:02:00]} 21. bxa5 {[%clk 0:51:00]} Nc3 {[%clk
1:03:00]} 22. Nd2 {[%clk 0:42:00]} Bxc5 {[%clk 0:58:00]} 23. Qb3 {[%clk 0:38:00]}
Qc7 {[%clk 0:51:00]} 24. Ne4 {[%clk 0:32:00]} Ba7 {[%clk 0:47:00]} 25. Qc4 {[%clk
0:26:00]} Qxc4 {[%clk 0:25:00]} 26. dxc4 {[%clk 0:26:00]} Be6 {[%clk 0:24:00]}
27. Rac1 {[%clk 0:25:00]} Na4 {[%clk 0:19:48]} 28. Nd6 {[%clk 0:24:00]} Nc5
{[%clk 0:17:23]} 29. Rb1 {[%clk 0:23:00]} d3 {[%clk 0:14:33]} 30. Bd5 {[%clk
0:12:53]} Bxd5 {[%clk 0:09:11]} 31. cxd5 {[%clk 0:13:19]} h5 {[%clk 0:06:26]} 32.
Nxb7 {[%clk 0:11:36]} d2 {[%clk 0:06:51]} 33. Rf1 {[%clk 0:10:29]} Ne4 {[%clk
0:06:12]} 34. Kg2 {[%clk 0:06:36]} Rf7 {[%clk 0:06:38]} 35. Nd8 {[%clk 0:03:12]}
Rd7 {[%clk 0:02:27]} 36. Rb7 {[%clk 0:02:35]} Rxd8 {[%clk 0:02:43]} 37. Rxa7
{[%clk 0:03:01]} Nc3 {[%clk 0:01:16]} 38. a6 {[%clk 0:02:56]} Rxd5 {[%clk
0:00:46]} 39. Ra8+ {[%clk 0:02:48]} Kh7 {[%clk 0:01:10]} 40. a7 {[%clk 0:03:16]}
Ra5 {[%clk 0:00:44]} 41. Rc8 {[%clk 0:03:43]} Rxa3 {[%clk 0:00:32]} 42. Rxc3
{[%clk 0:03:43]} 1-0

[Event "Campeonato España Sub 18"]
[Site "Salobreña"]
[Date "2017.08.02"]
[Round "5"]
[White "Lopez Mulet, Inigo"]
[Black "Martin Carmona, Gaston Manuel"]
[Result "1-0"]
[Board "3"]
[WhiteClock "1:30"]
[WhiteTitle "FM"]
[WhiteElo "2327"]
[WhiteCountry "ESP"]
[WhiteFideId "22235620"]
[WhiteEloChange "7"]
[BlackClock "1:30"]
[BlackElo "2205"]
[BlackCountry "ESP"]
[BlackFideId "22284567"]
[BlackEloChange "-7"]

1. d4 {[%clk 1:30:00]} Nf6 {[%clk 1:24:00]} 2. c4 {[%clk 1:31:00]} e6 {[%clk
1:23:00]} 3. g3 {[%clk 1:31:00]} d5 {[%clk 1:23:00]} 4. Bg2 {[%clk 1:31:00]} Be7
{[%clk 1:23:00]} 5. Nf3 {[%clk 1:31:00]} O-O {[%clk 1:23:00]} 6. O-O {[%clk
1:31:00]} c6 {[%clk 1:23:00]} 7. Nc3 {[%clk 1:24:00]} Nbd7 {[%clk 1:21:00]} 8. b3
{[%clk 1:15:00]} b6 {[%clk 1:20:00]} 9. Bb2 {[%clk 1:14:00]} Bb7 {[%clk 1:19:00]}
10. Qc2 {[%clk 1:11:00]} Rc8 {[%clk 1:17:00]} 11. Rfd1 {[%clk 1:10:00]} Qc7
{[%clk 1:14:00]} 12. Rac1 {[%clk 1:07:00]} Rfd8 {[%clk 1:12:00]} 13. e4 {[%clk
0:49:00]} dxe4 {[%clk 1:09:00]} 14. Nxe4 {[%clk 0:46:00]} c5 {[%clk 1:09:00]} 15.
Nxf6+ {[%clk 0:36:00]} Nxf6 {[%clk 1:07:00]} 16. Qe2 {[%clk 0:34:00]} cxd4 {[%clk
1:04:00]} 17. Nxd4 {[%clk 0:35:00]} Bxg2 {[%clk 1:04:00]} 18. Kxg2 {[%clk
0:35:00]} Qb7+ {[%clk 1:04:00]} 19. Qf3 {[%clk 0:35:00]} Qxf3+ {[%clk 0:59:00]}
20. Kxf3 {[%clk 0:36:00]} Rd7 {[%clk 0:58:00]} 21. Ke2 {[%clk 0:34:00]} Kf8
{[%clk 0:48:00]} 22. Nxe6+ {[%clk 0:32:00]} fxe6 {[%clk 0:46:00]} 23. Bxf6 {[%clk
0:31:00]} Rb7 {[%clk 0:46:00]} 24. Bxe7+ {[%clk 0:31:00]} Kxe7 {[%clk 0:46:00]}
25. Ke3 {[%clk 0:24:00]} Rbc7 {[%clk 0:46:00]} 26. Rd4 {[%clk 0:22:00]} a5 {[%clk
0:42:00]} 27. Rcd1 {[%clk 0:20:00]} a4 {[%clk 0:42:00]} 28. Rh4 {[%clk 0:19:07]}
h6 {[%clk 0:42:00]} 29. Rg4 {[%clk 0:18:57]} Kf7 {[%clk 0:41:00]} 30. Rd6 {[%clk
0:19:02]} axb3 {[%clk 0:42:00]} 31. axb3 {[%clk 0:19:23]} Rb7 {[%clk 0:42:00]}
32. Kd3 {[%clk 0:17:29]} b5 {[%clk 0:40:00]} 33. cxb5 {[%clk 0:16:25]} Rxb5
{[%clk 0:40:00]} 34. Rd7+ {[%clk 0:15:43]} Kf6 {[%clk 0:40:00]} 35. Rgxg7 {[%clk
0:15:42]} Rxb3+ {[%clk 0:40:00]} 36. Ke2 {[%clk 0:15:47]} Rc2+ {[%clk 0:39:00]}
37. Kf1 {[%clk 0:16:10]} Rbb2 {[%clk 0:39:00]} 38. Rdf7+ {[%clk 0:16:25]} Ke5
{[%clk 0:40:00]} 39. Rg6 {[%clk 0:16:39]} h5 {[%clk 0:40:00]} 40. Rg5+ {[%clk
0:16:59]} Ke4 {[%clk 0:40:00]} 41. Rf4+ {[%clk 0:17:02]} Kd3 {[%clk 0:40:00]} 42.
Rxh5 {[%clk 0:17:22]} Re2 {[%clk 0:40:00]} 43. Ra5 {[%clk 0:15:00]} e5 {[%clk
0:40:00]} 44. Ra3+ {[%clk 0:13:44]} Kd2 {[%clk 0:41:00]} 45. Rf8 {[%clk 0:13:52]}
Re1+ {[%clk 0:40:00]} 46. Kg2 {[%clk 0:41:00]} e4 {[%clk 0:10:33]} 47. Rfa8
{[%clk 0:40:00]} Rb7 {[%clk 0:40:00]} 48. Ra2+ {[%clk 0:10:28]} Kd3 {[%clk
0:41:00]} 49. R8a3+ {[%clk 0:10:53]} Kd4 {[%clk 0:41:00]} 50. Rd2+ {[%clk
0:11:18]} Ke5 {[%clk 0:41:00]} 51. Re3 {[%clk 0:10:17]} Rxe3 {[%clk 0:42:00]} 52.
fxe3 {[%clk 0:10:49]} Rf7 {[%clk 0:42:00]} 53. Rf2 {[%clk 0:11:09]} Ra7 {[%clk
0:43:00]} 54. g4 {[%clk 0:11:30]} Ra3 {[%clk 0:43:00]} 55. Re2 {[%clk 0:11:58]}
Kf6 {[%clk 0:43:00]} 56. Kg3 {[%clk 0:11:58]} 1-0

[Event "Campeonato España Sub 18"]
[Site "Salobreña"]
[Date "2017.08.02"]
[Round "5"]
[White "Esquivias Quintero, Luis Manuel"]
[Black "Domingo Nunez, Alejandro"]
[Result "0-1"]
[Board "4"]
[WhiteClock "1:29"]
[WhiteElo "2069"]
[WhiteCountry "ESP"]
[WhiteFideId "32018215"]
[WhiteEloChange "-4"]
[BlackClock "1:30"]
[BlackTitle "FM"]
[BlackElo "2287"]
[BlackCountry "ESP"]
[BlackFideId "22245561"]
[BlackEloChange "4"]

1. e4 {[%clk 1:30:00]} c5 {[%clk 1:29:00]} 2. Nc3 {[%clk 1:30:00]} e6 {[%clk
1:30:00]} 3. Nf3 {[%clk 1:30:00]} Nc6 {[%clk 1:30:00]} 4. d4 {[%clk 1:31:00]}
cxd4 {[%clk 1:30:00]} 5. Nxd4 {[%clk 1:31:00]} Qc7 {[%clk 1:31:00]} 6. Be3 {[%clk
1:32:00]} a6 {[%clk 1:31:00]} 7. Qd2 {[%clk 1:31:00]} Nf6 {[%clk 1:31:00]} 8.
O-O-O {[%clk 1:32:00]} Bb4 {[%clk 1:32:00]} 9. f3 {[%clk 1:32:00]} Ne5 {[%clk
1:32:00]} 10. Nb3 {[%clk 1:29:00]} b5 {[%clk 1:33:00]} 11. Kb1 {[%clk 1:27:00]}
Nc4 {[%clk 1:33:00]} 12. Bxc4 {[%clk 1:27:00]} bxc4 {[%clk 1:34:00]} 13. Nd4
{[%clk 1:24:00]} Rb8 {[%clk 1:31:00]} 14. Ka1 {[%clk 1:13:00]} Qa5 {[%clk
1:05:00]} 15. Nde2 {[%clk 1:04:00]} O-O {[%clk 0:59:00]} 16. Bf4 {[%clk 0:56:00]}
e5 {[%clk 0:42:00]} 17. Bg5 {[%clk 0:53:00]} Ne8 {[%clk 0:41:00]} 18. Qd5 {[%clk
0:40:00]} Qc7 {[%clk 0:39:00]} 19. h4 {[%clk 0:37:00]} d6 {[%clk 0:35:00]} 20. h5
{[%clk 0:32:00]} Be6 {[%clk 0:34:00]} 21. Qd2 {[%clk 0:32:00]} Qb7 {[%clk
0:25:00]} 22. Rb1 {[%clk 0:26:00]} f6 {[%clk 0:22:00]} 23. Be3 {[%clk 0:23:00]}
Nc7 {[%clk 0:22:00]} 24. a3 {[%clk 0:21:00]} a5 {[%clk 0:19:33]} 25. g4 {[%clk
0:17:42]} d5 {[%clk 0:18:11]} 26. g5 {[%clk 0:16:21]} d4 {[%clk 0:14:25]} 27.
Nxd4 {[%clk 0:15:31]} exd4 {[%clk 0:14:50]} 28. Bxd4 {[%clk 0:16:03]} Nb5 {[%clk
0:15:00]} 29. axb4 {[%clk 0:11:09]} axb4 {[%clk 0:11:22]} 30. Nxb5 {[%clk
0:11:35]} Qxb5 {[%clk 0:11:07]} 31. Rbg1 {[%clk 0:11:57]} Ra8+ {[%clk 0:10:27]}
32. Kb1 {[%clk 0:12:21]} Qa5 {[%clk 0:10:27]} 0-1

[Event "Campeonato España Sub 18"]
[Site "Salobreña"]
[Date "2017.08.02"]
[Round "5"]
[White "Goni Navarro, Pablo"]
[Black "Portela Peleteiro, Alberto"]
[Result "0-1"]
[Board "5"]
[WhiteClock "1:30"]
[WhiteElo "2197"]
[WhiteCountry "ESP"]
[WhiteFideId "22295720"]
[WhiteEloChange "-5"]
[BlackClock "1:30"]
[BlackTitle "FM"]
[BlackElo "2398"]
[BlackCountry "ESP"]
[BlackFideId "22276106"]
[BlackEloChange "5"]

1. c4 {[%clk 1:30:00]} e5 {[%clk 1:30:00]} 2. g3 {[%clk 1:31:00]} Nc6 {[%clk
1:31:00]} 3. Bg2 {[%clk 1:31:00]} d6 {[%clk 1:31:00]} 4. Nc3 {[%clk 1:31:00]} Be6
{[%clk 1:32:00]} 5. d3 {[%clk 1:31:00]} Qd7 {[%clk 1:32:00]} 6. Nd5 {[%clk
1:23:00]} Nge7 {[%clk 1:23:00]} 7. Bd2 {[%clk 1:21:00]} Nd8 {[%clk 1:21:00]} 8.
b4 {[%clk 1:11:00]} c6 {[%clk 1:21:00]} 9. Nc3 {[%clk 1:11:00]} d5 {[%clk
1:20:00]} 10. Nf3 {[%clk 1:04:00]} f6 {[%clk 1:19:00]} 11. cxd5 {[%clk 1:04:00]}
Nxd5 {[%clk 1:19:00]} 12. a3 {[%clk 1:02:00]} Bh3 {[%clk 1:15:00]} 13. Bxh3
{[%clk 0:59:00]} Qxh3 {[%clk 1:15:00]} 14. Nxd5 {[%clk 0:59:00]} cxd5 {[%clk
1:15:00]} 15. Qa4+ {[%clk 0:59:00]} Qd7 {[%clk 1:16:00]} 16. Qxd7+ {[%clk
0:56:00]} Kxd7 {[%clk 1:16:00]} 17. e4 {[%clk 0:56:00]} d4 {[%clk 1:07:00]} 18.
Ke2 {[%clk 0:56:00]} Bd6 {[%clk 0:47:00]} 19. Nh4 {[%clk 0:54:00]} g6 {[%clk
0:45:00]} 20. f4 {[%clk 0:54:00]} Rf8 {[%clk 0:39:00]} 21. Rhf1 {[%clk 0:52:00]}
Rc8 {[%clk 0:38:00]} 22. fxe5 {[%clk 0:51:00]} fxe5 {[%clk 0:38:00]} 23. Rxf8
{[%clk 0:50:00]} Bxf8 {[%clk 0:38:00]} 24. Nf3 {[%clk 0:42:00]} Nf7 {[%clk
0:36:00]} 25. Rc1 {[%clk 0:37:00]} Rxc1 {[%clk 0:35:00]} 26. Bxc1 {[%clk
0:37:00]} Kc6 {[%clk 0:36:00]} 27. Kd1 {[%clk 0:27:00]} Kb5 {[%clk 0:36:00]} 28.
Kc2 {[%clk 0:28:00]} Ka4 {[%clk 0:36:00]} 29. g4 {[%clk 0:23:00]} b6 {[%clk
0:35:00]} 30. Kb1 {[%clk 0:22:00]} Kb3 {[%clk 0:33:00]} 31. Bb2 {[%clk 0:21:00]}
Bh6 {[%clk 0:33:00]} 32. Ne1 {[%clk 0:20:00]} Bf4 {[%clk 0:30:00]} 33. Nc2 {[%clk
0:17:25]} Bxh2 {[%clk 0:30:00]} 34. Na1+ {[%clk 0:17:49]} Ka4 {[%clk 0:31:00]}
35. Ka2 {[%clk 0:13:57]} Bf4 {[%clk 0:31:00]} 36. Nc2 {[%clk 0:14:21]} h5 {[%clk
0:29:00]} 37. gxh5 {[%clk 0:14:39]} gxh5 {[%clk 0:30:00]} 38. Ne1 {[%clk
0:15:04]} h4 {[%clk 0:30:00]} 0-1

[Event "Campeonato España Sub 18"]
[Site "Salobreña"]
[Date "2017.08.02"]
[Round "5"]
[White "Orteu Capdevila, Max"]
[Black "Lianes Garcia, Marcos"]
[Result "1-0"]
[Board "6"]
[WhiteClock "n/a"]
[WhiteElo "2161"]
[WhiteCountry "ESP"]
[WhiteFideId "32075359"]
[WhiteEloChange "15"]
[BlackClock "n/a"]
[BlackTitle "FM"]
[BlackElo "2352"]
[BlackCountry "ESP"]
[BlackFideId "32060777"]
[BlackEloChange "-15"]

1. e4 {[%clk 1:30:30]} c5 {[%clk 1:30:30]} 2. Nf3 {[%clk 1:30:30]} d6 {[%clk
1:30:30]} 3. d4 {[%clk 1:30:30]} cxd4 {[%clk 1:30:30]} 4. Nxd4 {[%clk 1:30:30]}
Nf6 {[%clk 1:30:30]} 5. Nc3 {[%clk 1:30:30]} Bd7 {[%clk 1:30:30]} 6. g3 {[%clk
1:30:30]} Nc6 {[%clk 1:30:30]} 7. Bg2 {[%clk 1:30:30]} g6 {[%clk 1:30:30]} 8.
Nde2 {[%clk 1:30:30]} Bg7 {[%clk 1:30:30]} 9. O-O {[%clk 1:30:30]} Qc8 {[%clk
1:30:30]} 10. Nf4 {[%clk 1:30:30]} O-O {[%clk 1:30:30]} 11. Nfd5 {[%clk 1:30:30]}
Nxd5 {[%clk 1:30:30]} 12. Nxd5 {[%clk 1:30:30]} Bh3 {[%clk 1:30:30]} 13. c3
{[%clk 1:30:30]} Bxg2 {[%clk 1:30:30]} 14. Kxg2 {[%clk 1:30:30]} b5 {[%clk
1:30:30]} 15. a4 {[%clk 1:30:30]} b4 {[%clk 1:30:30]} 16. cxb4 {[%clk 1:30:30]}
e6 {[%clk 1:30:30]} 17. b5 {[%clk 1:30:30]} exd5 {[%clk 1:30:30]} 18. bxc6 {[%clk
1:30:30]} Qxc6 {[%clk 1:30:30]} 19. Qxd5 {[%clk 1:30:30]} Qxd5 {[%clk 1:30:30]}
20. exd5 {[%clk 1:30:30]} Rfb8 {[%clk 1:30:30]} 21. Rb1 {[%clk 1:30:30]} Rb3
{[%clk 1:30:30]} 22. Bf4 {[%clk 1:30:30]} Rd8 {[%clk 1:30:30]} 23. Rfc1 {[%clk
1:30:30]} Rd3 {[%clk 1:30:30]} 24. b4 {[%clk 1:30:30]} Rxd5 {[%clk 1:30:30]} 25.
b5 {[%clk 1:30:30]} Rd4 {[%clk 1:30:30]} 26. a5 {[%clk 1:30:30]} Re4 {[%clk
1:30:30]} 27. Be3 {[%clk 1:30:30]} Re7 {[%clk 1:30:30]} 28. b6 {[%clk 1:30:30]}
axb6 {[%clk 1:30:30]} 29. axb6 {[%clk 1:30:30]} d5 {[%clk 1:30:30]} 30. b7 {[%clk
1:30:30]} Be5 {[%clk 1:30:30]} 31. Rc8 {[%clk 1:30:30]} Ree8 {[%clk 1:30:30]} 32.
Rbc1 {[%clk 1:30:30]} 1-0

[Event "Campeonato España Sub 18"]
[Site "Salobreña"]
[Date "2017.08.02"]
[Round "5"]
[White "Povill Claros, Xavier"]
[Black "Villemur Tamarit, Juan"]
[Result "1-0"]
[Board "7"]
[WhiteClock "1:30"]
[WhiteTitle "FM"]
[WhiteElo "2337"]
[WhiteCountry "ESP"]
[WhiteFideId "32040512"]
[WhiteEloChange "5"]
[BlackClock "1:30"]
[BlackElo "2146"]
[BlackCountry "ESP"]
[BlackFideId "22280332"]
[BlackEloChange "-5"]

1. e4 {[%clk 1:30:00]} c6 {[%clk 1:30:00]} 2. d4 {[%clk 1:31:00]} d5 {[%clk
1:31:00]} 3. Nc3 {[%clk 1:31:00]} dxe4 {[%clk 1:31:00]} 4. Nxe4 {[%clk 1:31:00]}
Nf6 {[%clk 1:31:00]} 5. Nxf6+ {[%clk 1:32:00]} exf6 {[%clk 1:31:00]} 6. c3 {[%clk
1:28:00]} Bd6 {[%clk 1:31:00]} 7. Bd3 {[%clk 1:28:00]} Be6 {[%clk 1:31:00]} 8.
Qc2 {[%clk 1:28:00]} h6 {[%clk 1:25:00]} 9. Ne2 {[%clk 1:25:00]} Qc7 {[%clk
1:17:00]} 10. Ng3 {[%clk 1:21:00]} Nd7 {[%clk 1:13:00]} 11. Nh5 {[%clk 1:02:00]}
O-O-O {[%clk 1:03:00]} 12. Nxg7 {[%clk 0:59:00]} Rdg8 {[%clk 1:03:00]} 13. Nxe6
{[%clk 0:58:00]} fxe6 {[%clk 1:03:00]} 14. g3 {[%clk 0:58:00]} f5 {[%clk
1:02:00]} 15. Bd2 {[%clk 0:54:00]} Nf6 {[%clk 0:57:00]} 16. O-O-O {[%clk
0:52:00]} Ng4 {[%clk 0:48:00]} 17. Rdf1 {[%clk 0:50:00]} Rf8 {[%clk 0:46:00]} 18.
f3 {[%clk 0:39:00]} Nf6 {[%clk 0:46:00]} 19. Re1 {[%clk 0:39:00]} Re8 {[%clk
0:40:00]} 20. Re2 {[%clk 0:24:00]} f4 {[%clk 0:39:00]} 21. gxf4 {[%clk 0:18:41]}
Bxf4 {[%clk 0:39:00]} 22. Rhe1 {[%clk 0:18:14]} Bxh2 {[%clk 0:36:00]} 23. Rxe6
{[%clk 0:16:49]} Rxe6 {[%clk 0:37:00]} 24. Rxe6 {[%clk 0:16:36]} Nd5 {[%clk
0:37:00]} 25. Bf5 {[%clk 0:15:35]} Kb8 {[%clk 0:35:00]} 26. Qe4 {[%clk 0:15:25]}
a6 {[%clk 0:33:00]} 27. c4 {[%clk 0:09:17]} Nb6 {[%clk 0:25:00]} 28. b3 {[%clk
0:09:00]} Qg7 {[%clk 0:23:00]} 29. Qg4 {[%clk 0:05:36]} Qf8 {[%clk 0:23:00]} 30.
Bg6 {[%clk 0:05:31]} Qa3+ {[%clk 0:21:00]} 31. Kb1 {[%clk 0:05:51]} Ka7 {[%clk
0:20:00]} 32. Be4 {[%clk 0:03:58]} Qf8 {[%clk 0:19:37]} 33. Qh4 {[%clk 0:02:40]}
Bg1 {[%clk 0:17:53]} 34. Rxh6 {[%clk 0:02:47]} Rxh6 {[%clk 0:17:10]} 35. Qxh6
{[%clk 0:03:03]} Qxh6 {[%clk 0:16:48]} 36. Bxh6 {[%clk 0:03:27]} Bxd4 {[%clk
0:17:21]} 37. Bf5 {[%clk 0:03:30]} Na8 {[%clk 0:16:21]} 38. f4 {[%clk 0:02:32]}
Nc7 {[%clk 0:16:38]} 39. Bd7 {[%clk 0:02:29]} a5 {[%clk 0:17:03]} 40. Kc2 {[%clk
0:02:22]} Na6 {[%clk 0:17:15]} 41. Kd3 {[%clk 0:02:21]} Bf6 {[%clk 0:17:33]} 42.
Bf8 {[%clk 0:01:35]} Kb6 {[%clk 0:17:12]} 43. Ke4 {[%clk 0:00:52]} Kc7 {[%clk
0:13:48]} 44. Bg4 {[%clk 0:01:09]} Kd8 {[%clk 0:10:23]} 45. Kf5 {[%clk 0:01:15]}
Bc3 {[%clk 0:10:52]} 46. Kg6 {[%clk 0:01:03]} c5 {[%clk 0:06:40]} 47. f5 {[%clk
0:00:48]} Nb4 {[%clk 0:06:29]} 48. Bxc5 {[%clk 0:00:45]} Nd3 {[%clk 0:06:43]} 49.
Bd6 {[%clk 0:00:50]} Kd7 {[%clk 0:06:23]} 50. Bg3 {[%clk 0:00:49]} Ke8 {[%clk
0:06:39]} 51. Bh5 {[%clk 0:00:43]} Kf8 {[%clk 0:00:43]} 52. Bd6+ {[%clk 0:06:48]}
Kg8 {[%clk 0:01:12]} 53. f6 {[%clk 0:06:22]} Ne5+ {[%clk 0:06:52]} 54. Kf5 {[%clk
0:01:21]} Nf7 {[%clk 0:07:07]} 55. Bc7 {[%clk 0:01:31]} Kf8 {[%clk 0:06:40]} 56.
Bf3 {[%clk 0:01:05]} Nh6+ {[%clk 0:05:50]} 57. Ke6 {[%clk 0:01:20]} Nf7 {[%clk
0:01:34]} 58. Bxb7 {[%clk 0:05:13]} Ng5+ {[%clk 0:01:34]} 59. Kf5 {[%clk
0:05:13]} 1-0

[Event "Campeonato España Sub 18"]
[Site "Salobreña"]
[Date "2017.08.02"]
[Round "5"]
[White "Chao Vale, Fernando"]
[Black "Plazuelo Pascual, Juan"]
[Result "0-1"]
[Board "8"]
[WhiteClock "1:30"]
[WhiteElo "2139"]
[WhiteCountry "ESP"]
[WhiteFideId "22241663"]
[WhiteEloChange "-5"]
[BlackClock "1:30"]
[BlackTitle "FM"]
[BlackElo "2334"]
[BlackCountry "ESP"]
[BlackFideId "32059566"]
[BlackEloChange "5"]

1. e4 {[%clk 1:30:00]} e6 {[%clk 1:30:00]} 2. d4 {[%clk 1:31:00]} d5 {[%clk
1:31:00]} 3. Nd2 {[%clk 1:31:00]} Be7 {[%clk 1:31:00]} 4. Bd3 {[%clk 1:30:00]} c5
{[%clk 1:32:00]} 5. dxc5 {[%clk 1:31:00]} Nf6 {[%clk 1:32:00]} 6. Qe2 {[%clk
1:31:00]} O-O {[%clk 1:31:00]} 7. Ngf3 {[%clk 1:30:00]} a5 {[%clk 1:32:00]} 8.
O-O {[%clk 1:30:00]} Na6 {[%clk 1:32:00]} 9. e5 {[%clk 1:30:00]} Nd7 {[%clk
1:32:00]} 10. c3 {[%clk 1:30:00]} Naxc5 {[%clk 1:32:00]} 11. Bc2 {[%clk 1:31:00]}
b5 {[%clk 1:33:00]} 12. Nd4 {[%clk 1:22:00]} Qc7 {[%clk 1:33:00]} 13. Nxb5 {[%clk
1:18:00]} Qxe5 {[%clk 1:33:00]} 14. Qxe5 {[%clk 1:17:00]} Nxe5 {[%clk 1:33:00]}
15. Nd4 {[%clk 1:15:00]} Ba6 {[%clk 1:30:00]} 16. Rd1 {[%clk 1:10:00]} Ncd3
{[%clk 1:23:00]} 17. N2f3 {[%clk 1:05:00]} Nxf3+ {[%clk 1:22:00]} 18. Nxf3 {[%clk
1:04:00]} Nxc1 {[%clk 1:20:00]} 19. Rdxc1 {[%clk 0:58:00]} Rab8 {[%clk 1:20:00]}
20. Rab1 {[%clk 0:57:00]} Rfc8 {[%clk 1:06:00]} 21. Re1 {[%clk 0:49:00]} Bc4
{[%clk 1:04:00]} 22. b3 {[%clk 0:45:00]} Ba6 {[%clk 1:03:00]} 23. Re3 {[%clk
0:38:00]} Bc5 {[%clk 1:02:00]} 24. Ree1 {[%clk 0:37:00]} Bd6 {[%clk 1:01:00]} 25.
c4 {[%clk 0:36:00]} dxc4 {[%clk 1:01:00]} 26. bxc4 {[%clk 0:36:00]} Bxc4 {[%clk
1:01:00]} 27. Bb3 {[%clk 0:35:00]} Bxb3 {[%clk 1:00:00]} 28. axb3 {[%clk
0:34:00]} Rc3 {[%clk 0:58:00]} 29. Nd2 {[%clk 0:34:00]} Bf4 {[%clk 0:55:00]} 30.
Nc4 {[%clk 0:31:00]} a4 {[%clk 0:54:00]} 31. g3 {[%clk 0:29:00]} Bc7 {[%clk
0:54:00]} 32. Nd2 {[%clk 0:28:00]} axb3 {[%clk 0:40:00]} 33. Re3 {[%clk 0:23:00]}
Rxe3 {[%clk 0:41:00]} 34. fxe3 {[%clk 0:24:00]} b2 {[%clk 0:41:00]} 35. Nc4
{[%clk 0:24:00]} Rb4 {[%clk 0:41:00]} 36. Nxb2 {[%clk 0:23:00]} Bb6 {[%clk
0:41:00]} 37. Kf1 {[%clk 0:21:00]} Bxe3 {[%clk 0:41:00]} 38. Rd1 {[%clk 0:21:00]}
g6 {[%clk 0:40:00]} 39. Nd3 {[%clk 0:21:00]} Rc4 {[%clk 0:40:00]} 40. Re1 {[%clk
0:21:00]} Bb6 {[%clk 0:39:00]} 41. Re2 {[%clk 0:21:00]} Rc3 {[%clk 0:38:00]} 42.
Ne5 {[%clk 0:21:00]} Bd4 {[%clk 0:38:00]} 43. Kg2 {[%clk 0:20:00]} Bxe5 {[%clk
0:38:00]} 44. Rxe5 {[%clk 0:21:00]} Kg7 {[%clk 0:38:00]} 45. Ra5 {[%clk 0:21:00]}
h5 {[%clk 0:38:00]} 46. Ra7 {[%clk 0:22:00]} Kf6 {[%clk 0:38:00]} 47. Ra5 {[%clk
0:22:00]} Rc2+ {[%clk 0:38:00]} 48. Kg1 {[%clk 0:22:00]} e5 {[%clk 0:38:00]} 49.
h4 {[%clk 0:23:00]} Kf5 {[%clk 0:38:00]} 50. Kf1 {[%clk 0:23:00]} Kg4 {[%clk
0:38:00]} 51. Rxe5 {[%clk 0:24:00]} Kxg3 {[%clk 0:38:00]} 52. Re4 {[%clk
0:24:00]} Rf2+ {[%clk 0:39:00]} 53. Kg1 {[%clk 0:24:00]} Rf4 {[%clk 0:39:00]} 0-1

[Event "Campeonato España Sub 18"]
[Site "Salobreña"]
[Date "2017.08.02"]
[Round "5"]
[White "Bayo Milagro, Alvaro"]
[Black "Perez Tores, Juan Miguel"]
[Result "1-0"]
[Board "9"]
[WhiteClock "1:30"]
[WhiteTitle "FM"]
[WhiteElo "2288"]
[WhiteCountry "ESP"]
[WhiteFideId "22275240"]
[WhiteEloChange "7"]
[BlackClock "1:30"]
[BlackElo "2163"]
[BlackCountry "ESP"]
[BlackFideId "22247602"]
[BlackEloChange "-7"]

1. c4 {[%clk 1:30:00]} e5 {[%clk 1:28:00]} 2. Nc3 {[%clk 1:31:00]} Nc6 {[%clk
1:28:00]} 3. e3 {[%clk 1:31:00]} Bc5 {[%clk 1:26:00]} 4. Nf3 {[%clk 1:31:00]} d6
{[%clk 1:25:00]} 5. d4 {[%clk 1:31:00]} Bb6 {[%clk 1:20:00]} 6. b4 {[%clk
1:29:00]} exd4 {[%clk 1:17:00]} 7. exd4 {[%clk 1:29:00]} a5 {[%clk 1:12:00]} 8.
b5 {[%clk 1:29:00]} Nce7 {[%clk 1:12:00]} 9. h3 {[%clk 1:26:00]} c6 {[%clk
1:12:00]} 10. Rb1 {[%clk 1:14:00]} Bf5 {[%clk 1:06:00]} 11. Bd3 {[%clk 1:15:00]}
Bc7 {[%clk 1:05:00]} 12. O-O {[%clk 1:14:00]} Bxd3 {[%clk 1:04:00]} 13. Qxd3
{[%clk 1:15:00]} Nf6 {[%clk 1:02:00]} 14. Bg5 {[%clk 1:15:00]} d5 {[%clk
1:00:00]} 15. c5 {[%clk 1:11:00]} O-O {[%clk 1:00:00]} 16. Nh4 {[%clk 1:07:00]}
b6 {[%clk 0:58:00]} 17. cxb6 {[%clk 0:59:00]} Bxb6 {[%clk 0:59:00]} 18. bxc6
{[%clk 1:00:00]} Nxc6 {[%clk 0:57:00]} 19. Bxf6 {[%clk 1:00:00]} gxf6 {[%clk
0:57:00]} 20. Nf5 {[%clk 0:57:00]} Kh8 {[%clk 0:57:00]} 21. Rb5 {[%clk 0:50:00]}
Nb4 {[%clk 0:50:00]} 22. Qf3 {[%clk 0:49:00]} Ba7 {[%clk 0:49:00]} 23. a3 {[%clk
0:49:00]} Nc2 {[%clk 0:48:00]} 24. Rxd5 {[%clk 0:49:00]} Qb6 {[%clk 0:47:00]} 25.
Nd6 {[%clk 0:49:00]} 1-0